000 00630nam a22001937a 4500
005 20240828114715.0
010 _aENG-141490
020 _c150.00
_a9788123433660
035 _aEN-125022
037 _bDBAD
082 _a881
245 _aTamil Sangam Women Poets (42 Poets -184 Poem) In Translation /
_cTranslated by K.S. Subramanian
250 _aFirst
260 _aChennai
_bNew Century Books House (P) LTD.
_c2017
270 _bChennai
_a41-b, Sidco Industrial Estate,Ambattur
_e600098
300 _a234 p.
_c22 cm(Pb)
700 _aSubramanian, K.S.
_eTranslator
_970628
942 _2ddc
_cEN
_h881
_mSUB
999 _c205329
_d205329